000 01145nam a2200289 u 4500
001 000020352
005 20200929170359.0
008 100813s2015 dr 000 0 spa d
020 _a9789945471960
040 _aDO-SdBNP
_bspa
_cBNPHU
041 1 7 _aspa
_heng
082 _a770
_bB333t
100 1 _aBatista, Domingo,
_d1946-
_943004
245 1 0 _aTransfiguraciones =
_btransfigurations /
_cFotografías Domingo Batista, textos Yannette Miller ... [et al.]; edición Fulgencio Morel Ochoa (Yeyo) ; asistencia fotográfica Félix Sepúlveda; traducción Francia A. de Batista.
246 3 1 _aTransfigurations
260 _aSantiago, República Dominicana :
_bAmigo del Hogar,
_c2015.
300 _a201 p. :
_bil., fotografías ;
_c31 cm.
500 _aTexto en inglés y español
590 _aInventariado, 2018/LP
650 4 _aFotografía artistíca
_943005
650 4 _aArte dominicano
_937843
700 1 2 _aMiller, Yannette
_943006
700 1 2 _aMorel Ochoa, Fulgencio (Yeyo),
_eed.
_943007
700 1 2 _aBatista, Francia A. de,
_etraductor
_943008
700 1 2 _aSepúlveda, Félix
_943009
910 _aValidado. Control de calidad MFF
999 _c19856
_d19856